000 nam a22 7a 4500
999 _c10114
_d10114
008 180212b ||||| |||| 00| 0 eng d
100 _aSawhney, P
_9339
245 _aWorkbooks maths class - IV
260 _aNew delhi
_bArya publication
_c2013